National reports /

Saved in:
Bibliographic Details
Corporate Authors: International Federation of Surveyors. Congress, International Federation of Surveyors
Format: Book
Language:English
French
German
Published: Jyväskylä : Gummerus Kirjapaino, 1990.
Subjects:
LEADER 01153cam a2200289 a 4500
001 c000224156
003 CARM
005 20061002160238.0
008 900809s1990 fi a b 100 0 eng d
019 1 |a 7451062  |5 LACONCORD2021 
020 |a 951960975X 
035 |a (OCoLC)220871537  |5 LACONCORD2021 
040 |a VU  |b eng  |c VU  |d VU 
041 0 |a eng  |a fre  |a ger 
082 0 4 |a 526.3  |2 20 
110 2 |a International Federation of Surveyors.  |b Congress  |n (19th :  |d 1990 :  |c Helsinki, Finland) 
245 1 0 |a National reports /  |c XIX Congress, International Federation of Surveyors, 10-19.6.1990, Helsinki, Finland. 
260 |a Jyväskylä :  |b Gummerus Kirjapaino,  |c 1990. 
300 |a 232 p. :  |b ill. ;  |c 21 cm. 
500 |a Cover title. 
500 |a In English, French or German. 
504 |a Includes bibliographical references. 
650 0 |a Surveying  |x Congresses. 
710 2 |a International Federation of Surveyors. 
852 8 |b CARM  |h A2:AP05A0  |i B06615  |p 0315538  |f BK 
999 f f |i 40f863c9-6aca-5929-a320-9121c922311c  |s f79e3548-8d21-5fdf-8ccb-393e3e91627d 
952 f f |p Can circulate  |a CAVAL  |b CAVAL  |c CAVAL  |d CARM 1 Store  |e B06615  |f A2:AP05A0  |h Other scheme  |i book  |m 0315538